00501 2200181 4500001002100000005001500021035002000036007000300056008004100059020001800100082001200118084001800130100002600148245005600174260003400230300003800264650001700302INLIS00000000000027520231205022607 a0010-1223000005ta231205 g 0 ind  a979-21-0758-4 a634.616 a634.616 LIL p0 aLilies Sutarminingsih1 aPeluang Usaha Nata De Coco /cLilies Sutarminingsih aYogyakarta :bKanisius,c2004 a73 hlm, :bilus, ;c15 cm x 23 cm 4aNata De Coco